000
00273nam a2200121Ia 4500
008
190216s9999||||xx |||||||||||||| ||und||
100
_a
William C Reynolds
245
0
_a
Thermodynamics
260
_b
Mcgraw -hill
_c
1968
300
_a
496p
650
_a
Chemistry
942
_c
BK
999
_c
2049
_d
2049